000 00835cam a2200301 i 4500
001 768714001
003 CO-MdFUSB
005 20241204134111.0
007 ta
008 241204t1966 -sp||||| |||| 00| 0 spa d
020 _a84-85030-15-x
040 _cCO-MdFUSB
041 0 _aspa
082 0 4 _223
_a238
_bC168b
100 1 _aCalvino, Juan (1509-1564)
_eautor
245 1 0 _aBreve instrucción cristiana
_c/ Juan Calvino
260 _aFundación Editorial de Literatura Reformada
264 1 _aBarcelona, España :
_bFundación Editorial de Literatura Reformada,
_c[1966]
264 4 _c©1966
300 _a84 páginas
336 _atexto
_btxt
_2rdacontent
337 _2rdamedia
_asin mediación
_bn
338 _2rdacarrier
_avolumen
_bnc
563 _arustico
653 _aCatecismo
942 _cBK
945 _aMiguel
999 _c35153
_d35153